• 首页
  • 本馆介绍
  • 公告通知
  • 最新文献
  • 馆藏检索
  • 电子资源
  • 读者导购
  • 参考咨询
  • 我的图书馆
  • 登录
  • 详细信息显示
  • 放入我的书架
  • 预约/预借图书
  • 作者相关作品
  • 分类相关作品
  • 丛书相关作品
  • 出版社相关作品

书目信息

  • 表格格式
  • 工作单格式
  • 卡片格式
题名:
作物遗传与育种学
    
 
作者: ;广西壮族自治区农业学校 , 四川绵阳农业学校 主编
分册: 下册  
出版信息: 北京   农业出版社  1979
页数: 867页
开本: 19cm
丛书名:
单 册:
中图分类: S33-43
科图分类:
主题词: 作物育种:遗传育种--专业学校--教材 , 遗传育种:作物育种--专业学校--教材
电子资源:
ISBN: 16144.2040
000 00924nam0 2200265 450
001 0179008980
005 20100712215647.0
010    @a16144.2040@dCNY1.50
091    @a16144.2040
100    @a19950921d1979 em y0chiy0110 ea
101 0  @achi
102    @aCN@b110000
105    @ay z 000yy
106    @ar
200 1  @a作物遗传与育种学@9Zuo Wu Yi;Wei Chuan;Zhuan Yu Yu;Yo Zhong;Chong Xue @e南方本@f广西壮族自治区农业学校,四川绵阳农业学校主编@h下册
210    @a北京@c农业出版社@d1979
215    @a867页@d19cm
300    @a全国中等农业学校试用教材 农学专业用
606 0  @a作物育种:遗传育种@x专业学校@x教材
606 0  @a遗传育种:作物育种@x专业学校@x教材
690    @aS33-43@v3
711 02 @a广西壮族自治区农业学校@9guang xi zhuang zu zi zhi qu nong ye xue xiao@4主编
711 02 @a四川绵阳农业学校@9si chuan mian yang nong ye xue xiao@4主编
801  0 @aCN@bAzMarc@c20130904
905    @aBZT@dS33@e90@f7@sS33/90
    
    作物遗传与育种学:南方本/广西壮族自治区农业学校,四川绵阳农业学校主编.下册.-北京:农业出版社,1979
    867页;19cm
    全国中等农业学校试用教材 农学专业用
    
    ISBN 16144.2040:CNY1.50
    
●
相关链接 在五车中查询图书 在当当中查询图书 在豆瓣中查询图书


正题名:作物遗传与育种学     索取号:S33/90         预约/预借

序号 登录号 条形码 馆藏地/架位号 状态 备注
1 2000082818   2000082818   旧书回溯/ [索取号:S33/90] 在馆    
2 2000087454   2000087454   旧书回溯/ [索取号:S33/90] 在馆    
3 2000087455   2000087455   旧书回溯/ [索取号:S33/90] 在馆    
4 2000087456   2000087456   旧书回溯/ [索取号:S33/90] 在馆    
5 2000087457   2000087457   旧书回溯/ [索取号:S33/90] 在馆    
6 2000089019   2000089019   旧书回溯/ [索取号:S33/90] 在馆    
7 2000089020   2000089020   旧书回溯/ [索取号:S33/90] 在馆    
山东省滨州职业学院图书馆 欢迎您!
大连网信软件有限公司© 版权所有